Entre los CDM y los CPC: modelos de participación ciudadana y presupuestos municipales /
Realizado en el último trimestre del 2007 en 31 municipios del pacifico, centro y norte de Nicaragua, aplicando una metodología cualitativa que combina entrevistas e informantes calificados, junto con observación de eventos de consultas como de cabildos abiertos, el texto tiene como objetivo ser una...
Uloženo v:
| Hlavní autor: | |
|---|---|
| Médium: | Neznámo |
| Jazyk: | Spanish |
| Vydáno: |
Managua, Nicaragua:
Centro de Estudios y Análisis Político,
|
| Témata: | |
| Tagy: |
Přidat tag
Žádné tagy, Buďte první, kdo vytvoří štítek k tomuto záznamu!
|
MARC
| LEADER | 00000 a2200000 04500 | ||
|---|---|---|---|
| 001 | 40361 | ||
| 003 | cru IIS | ||
| 005 | 20220809134104.0 | ||
| 008 | 050630s2008 nq spa d | ||
| 040 | |c CRAI IIS | ||
| 090 | |a 0003 P896m | ||
| 100 | |a Prado Ortíz, Silvio | ||
| 245 | |a Entre los CDM y los CPC: modelos de participación ciudadana y presupuestos municipales / |c Silvio Prado Ortíz | ||
| 260 | |a Managua, Nicaragua: |b Centro de Estudios y Análisis Político, | ||
| 300 | |a 64 páginas | ||
| 520 | |a Realizado en el último trimestre del 2007 en 31 municipios del pacifico, centro y norte de Nicaragua, aplicando una metodología cualitativa que combina entrevistas e informantes calificados, junto con observación de eventos de consultas como de cabildos abiertos, el texto tiene como objetivo ser una carta de presentación del Centro de Estudios y Análisis Político (CEAP), como una organización de la sociedad civil que busca contribuir al fortalecimiento de las capacidades de los actores sociales y políticos, facilitando espacios de diálogo para elevar la calidad de la participación en la construcción de instituciones democráticas y de políticas públicas incluyentes. El texto busca explorar los dilemas como los retos de la participación ciudadana sobre un tema clave para la democracia y el desarrollo local como son los presupuestos municipales. FGO 09/08/2022 | ||
| 650 | 4 | |2 TESAURO OCDE |9 1963 |a GOBIERNO LOCAL | |
| 650 | 0 | |2 TESAURO OCDE |9 2527 |a PARTICIPACION COMUNITARIA | |
| 650 | 0 | |2 TESAURO OCDE |9 377 |a DESARROLLO DE LA COMUNIDAD | |
| 650 | 0 | |2 TESAURO OCDE |9 3370 |a PRESUPUESTO | |
| 650 | 4 | |2 TESAURO OCDE |9 1926 |a RECURSOS PRESUPUESTARIOS | |
| 650 | 0 | |2 TESAURO OCDE |9 3544 |a ELABORACIÓN DEL PRESUPUESTO | |
| 651 | 0 | |2 TESAURO OCDE |9 1861 |a NICARAGUA | |
| 942 | |2 ddc |c LI | ||
| 999 | |c 15861 |d 15861 | ||
